UK Cities ENDING in a vowel - Statistics

General Stats
  • This quiz has been taken 185 times
  • The average score is 4 of 7
Answer Stats
Answer % Correct
Newcastle upon Tyne
71%
Dundee
64%
Swansea
62%
Cambridge
56%
Truro
51%
Carlisle
44%
Brighton & Hove
28%
No matching quizzes found
Score Distribution
Percent of People with Each Score
Percentile by Number Answered
Your Score History
You have not taken this quiz